000 00419nam a22001577a 4500
005 20170805102455.0
008 170805b xxu||||| |||| 00| 0 eng d
040 _cPK-LaUMT
082 _a348.5491022
_bLAN-M
100 _aLangan, P. St. J.
245 _aMaxwell on the interpretation of statutes /
_cP. St. J. Langan
250 _a12th ed.
260 _aIndia :
_bButterworths,
_cNY
300 _a391 p.
942 _cBK
999 _c96468
_d96468